|
|
|
|
| LEADER |
00000nam0a2200000 4500 |
| 001 |
320496 |
| 005 |
20231102003302.0 |
| 035 |
|
|
|a (RuTPU)RU\TPU\book\346027
|
| 090 |
|
|
|a 320496
|
| 100 |
|
|
|a 20160708d1940 km y0rusy50 ca
|
| 101 |
0 |
|
|a rus
|
| 102 |
|
|
|a RU
|
| 105 |
|
|
|a a z 001zy
|
| 200 |
1 |
|
|a Гидрогенизация топлива в СССР
|f А. В. Лозовой , М. К. Дьякова
|g Академия наук СССР (АН СССР), Институт горючих ископаемых (ИГИ) ; под ред. С. С. Наметкина
|
| 210 |
|
|
|a Москва
|a Ленинград
|c Изд-во Академии наук СССР
|d 1940
|
| 215 |
|
|
|a 270 с.
|c ил.
|
| 320 |
|
|
|a Указ. имен: с. 257-260
|
| 320 |
|
|
|a Предм. указ.: с. 261-267
|
| 320 |
|
|
|a Библиогр. в конце гл.
|
| 606 |
1 |
|
|a Топливо
|x Гидрогенизация
|2 stltpush
|3 (RuTPU)RU\TPU\subj\32991
|9 55359
|
| 610 |
1 |
|
|a терминология
|
| 610 |
1 |
|
|a история
|
| 610 |
1 |
|
|a химическая структура
|
| 610 |
1 |
|
|a деструктивные воздействия
|
| 610 |
1 |
|
|a кислородные соединения
|
| 610 |
1 |
|
|a сернистые соединения
|
| 610 |
1 |
|
|a угли
|
| 610 |
1 |
|
|a Дальний Восток
|
| 610 |
1 |
|
|a Восточная Сибирь
|
| 610 |
1 |
|
|a Западная Сибирь
|
| 610 |
1 |
|
|a Урал
|
| 610 |
1 |
|
|a Подмосковный бассейн
|
| 610 |
1 |
|
|a горючие сланцы
|
| 610 |
1 |
|
|a торфяные дегти
|
| 610 |
1 |
|
|a сланцевые смолы
|
| 610 |
1 |
|
|a нефтяные продукты
|
| 610 |
1 |
|
|a пиролиз
|
| 610 |
1 |
|
|a парофазный окислительный крекинг
|
| 675 |
|
|
|a 662.6
|v 4
|
| 700 |
|
1 |
|a Лозовой
|b А. В.
|
| 701 |
|
1 |
|a Дьякова
|b М. К.
|
| 702 |
|
1 |
|a Наметкин
|b С. С.
|4 340
|
| 712 |
0 |
2 |
|a Академия наук СССР (АН СССР)
|b Институт горючих ископаемых (ИГИ)
|c (Москва)
|c (1934-1947)
|2 stltpush
|3 (RuTPU)RU\TPU\col\10830
|
| 801 |
|
1 |
|a RU
|b 63413507
|c 20160708
|
| 801 |
|
2 |
|a RU
|b 63413507
|c 20200205
|g RCR
|
| 942 |
|
|
|c BK
|